Wayfinding • People, Signs and Architecture (Record no. 12001)
[ view plain ]
| 000 -CABECERA | |
|---|---|
| campo de control de longitud fija | 00376nam a2200133 4500 |
| 005 - FECHA Y HORA DE LA ÚLTIMA TRANSACCIÓN | |
| campo de control | 20260530113907.0 |
| 100 1# - ENTRADA PRINCIPAL--NOMBRE DE PERSONA | |
| Nombre de persona | Paul Arthur • Romedi Pasini |
| 9 (RLIN) | 32950 |
| 245 10 - MENCIÓN DE TÍTULO | |
| Título | Wayfinding • People, Signs and Architecture |
| 264 #1 - PRODUCCIÓN, PUBLICACIÓN, DISTRIBUCIÓN, FABRICACIÓN Y COPYRIGHT | |
| Nombre del de productor, editor, distribuidor, fabricante | McGraw Hill Company |
| Fecha de producción, publicación, distribución, fabricación o copyright | 1994 |
| 300 ## - DESCRIPCIÓN FÍSICA | |
| Extensión | 238 páginas |
| 336 ## - TIPO DE CONTENIDO | |
| Término de tipo de contenido | texto |
| Fuente | rdacontent |
| 337 ## - TIPO DE MEDIO | |
| Nombre/término del tipo de medio | sin medio |
| Fuente | rdamedia |
| 338 ## - TIPO DE SOPORTE | |
| Nombre/término del tipo de soporte | volumen |
| Fuente | rdacarrier |
No items available.